000 00583nam a2200169 i 4500
001 6216
003 ES-MaACL
005 20230906144833.0
007 t|
008 200905s1889 sp b |||| | spa d
110 2 _aComisión Central de Defensa contra la Filoxera.
_9170318
245 1 0 _aLey de 18 de junio de 1885. Reglamento interior de la Comisión Central. Real Decreto de 21 de agosto de 1883.
260 _aMadrid :
_b[s.n.],
_c1889.
650 4 _aViticultura-
_xDerecho y legislación-
_zEspaña.
_9170319
650 4 _aFiloxera-
_zEspaña.
_9170320
852 _aES-MaACL
_jT-679-F-8
999 _c6216
_d6216